Electoral politics in the Middle East : issues, voters, and elites /

Bibliographic Details
Other Authors: Landau, Jacob M., Özbudun, Ergun, Tachau, Frank, 1929-2010
Format: Book
Language:English
Published: London : Stanford, Calif. : Croom Helm ; Hoover Institution Press, 1980.
Series:Hoover Press publication ; 241.
Subjects:

MARC

Tag First Indicator Second Indicator Subfields
LEADER 00000cam a2200000 a 4500
001 in00000641813
005 20151015053317.0
008 810513s1980 enk b 00100 eng
010 |a  80008333  
015 |a GB*** 
020 |a 0709904541 :  |c 14.95 
020 |a 0817974113 (Leland Stanford) 
035 |a (OCoLC)07115694 
035 |9 ACU4839AM 
039 0 |a 2  |b 3  |c 3  |d 3  |e 3 
040 |a DLC  |c DLC  |d TXA  |d UtOrBLW 
043 |a aw-----  |a a-le---  |a a-tu--- 
049 |a TXAM  |c [1671264] 
050 0 0 |a JQ1758.A95  |b E53 
082 0 |a 324.956  |2 19 
245 0 0 |a Electoral politics in the Middle East :  |b issues, voters, and elites /  |c edited by Jacob M. Landau, Ergun Ozbudun, Frank Tachau. 
264 1 |a London :  |b Croom Helm ;  |a Stanford, Calif. :  |b Hoover Institution Press,  |c 1980. 
300 |a 335 pages ;  |c 23 cm. 
336 |a text  |b txt  |2 rdacontent 
337 |a unmediated  |b n  |2 rdamedia 
338 |a volume  |b nc  |2 rdacarrier 
490 1 |a Hoover Press publication ;  |v 241 
504 |a Includes bibliographical references and index. 
650 0 |a Elections  |z Middle East. 
651 0 |a Middle East  |x Politics and government. 
651 0 |a Turkey  |x Politics and government. 
651 0 |a Israel  |x Politics and government. 
651 0 |a Lebanon  |x Politics and government. 
700 1 |a Landau, Jacob M. 
700 1 |a Özbudun, Ergun. 
700 1 |a Tachau, Frank,  |d 1929-2010. 
830 0 |a Hoover Press publication ;  |v 241. 
999 |a MARS 
999 f f |s decfcec9-ecdd-3026-b0b4-247eeb201957  |i 457b194a-1c71-376f-8067-8d32ff705abe  |t 0 
952 f f |p ric  |a Texas A&M University  |b Rellis Campus  |c Joint Library Facility  |d Remote Storage  |t 0  |e JQ1758.A95 E53  |h Library of Congress classification  |i unmediated -- volume  |m A14803120351 
998 f f |a JQ1758.A95 E53  |t 0  |l Remote Storage